000 01366nam a22002777a 4500
999 _c18447
_d18447
003 AR-CdUCM
008 190514b ||||| |||| 00| 0 spa d
040 _aMUNICIPALIDAD PROVINCIAL DEL CUSCO
_cBIBLIOTECA MUNICIPAL DEL CUSCO
082 _a190.251 /
_bC 1
110 _aFederación Psicoanalítico de américa Latina.
_939045
245 _aPsicoanálisis de niños y adolescentes en América Latina :
_bdesarrollo y perspectivas /
260 _aLima :
_bFederación Psicoanalítico de américa Latina,
_bLatina,
_c1994.
300 _a559 páginas ;
_c21 cm.
440 _aBiblioteca Peruana de Psicoanálisis.
_939046
500 _aDespués del título, Primer congreso Latinoamericano de Psicoanálisis de niños y adolescentes.
505 _aContenido: v.1: Discursos inaugurales -- Conferencia magistral -- Historia del psicoanálisis de niños y adolescentes -- Formación del psicoanalista de niños y adolescentes -- Aspectos conceptuales del psicoanálisis de niños y adolescentes ...
650 _aPsicoanálisis
_916757
650 _aInfante
_933896
650 _aAdolescente
_939047
700 _aCáceres, Dana
_939048
700 _aPeña K., Saúl (compiladores)
_939049
710 _aAsociación Psicoanalítica de Córdoba.
_939050
710 _aUniversidad Nacional de Córdoba.
_939051
942 _2ddc
_cLIBROS
945 _aachl
_d2019-05-14